The constitutional history of England

Salvato in:
Dettagli Bibliografici
Autore principale: Maitland, Frederick William (autor)
Natura: Libro
Lingua:inglese
Pubblicazione: Cambridge Cambridge University 1908
Soggetti:
Tags: Aggiungi Tag
Nessun Tag, puoi essere il primo ad aggiungerne!!

MARC

LEADER 00000nam a2200000 a 4500
001 UCT9605
003 CL-VaPUC
008 970411e19080000uk |||||||||||||||||eng|d
082 0 4 |a 342.029  |b MAI  |2 21 
100 |a Maitland, Frederick William  |e autor  |9 400399 
245 1 4 |a The constitutional history of England 
300 |a 548 p 
942 |c BK 
945 |d 19970411 00:00:00  |a paguirre 
260 |a Cambridge  |b Cambridge University  |c 1908 
650 0 |a Derecho constitucional   |9 222588 
650 0 |a Derecho público   |9 255910 
650 0 |a Historia constitucional  |9 256052 
650 0 |a Soberanía  |9 266726 
650 0 |a Parlamento  |9 338611 
650 0 |a Libertad individual  |9 352859 
650 0 |a Derechos civiles y políticos   |9 338684 
651 0 |a Inglaterra  |9 255158 
583 |a last modification  |c 20130724 07:50:12  |k Rodrigo Vera 
999 |c 257987  |d 257985 
952 |0 0  |1 0  |4 0  |6 342_029000000000000_MAI_1908  |7 0  |8 A  |9 281722  |a BIBDER  |b BIBDER  |d 2019-11-19  |i 182662K  |o 342.029 MAI 1908  |p 182662K  |r 2023-01-25  |w 2019-11-19  |y BK  |k DER